[Event "MSS-ch"]
[Site "CZE"]
[Date "1997.??.??"]
[Round "?"]
[White "Kalod, Radek"]
[Black "Blazkova, Petra"]
[Result "1-0"]
[WhiteElo "2455"]
[BlackElo "2220"]

1.e4 c5 2.Nf3 d6 3.d4 cxd4 4.Nxd4 Nf6 5.Nc3 Nc6 6.Bg5 e6 7.Qd2 a6 8.O-O-O Bd7
9.f4 b5 10.Nxc6 Bxc6 11.Qe1 h6 12.Bxf6 gxf6 13.f5 e5 14.Nd5 h5 15.Kb1 Rc8
16.Be2 Bxd5 17.Rxd5 Qc7 18.Bd3 Ke7 19.Qe2 Bh6 20.Rd1 Qb6 21.a4 bxa4 22.Bxa6 Rb8
23.Rb5 Qc6 24.Rbd5 Qb6 25.Bb5 Be3 26.c3 a3 27.b4 Rhc8 28.c4 Bd4 29.Ka2 Rg8
30.Rd3 Ra8 31.Rb3 Rg4 32.g3 Ra7 33.Rd3 Rg8 34.Qxh5 Bc3 35.c5 Qxb5 36.cxd6+ Kd8
37.Rxb5  1-0

[Event "MSS-ch"]
[Site "CZE"]
[Date "1997.??.??"]
[Round "?"]
[White "Krejci, Jakub"]
[Black "Michenka, Jozef"]
[Result "1/2-1/2"]
[WhiteElo "2125"]
[BlackElo "2355"]

1.e4 c5 2.Nf3 Nc6 3.d4 cxd4 4.Nxd4 Nf6 5.Nc3 d6 6.Bg5 e6 7.Qd2 a6 8.O-O-O h6
9.Be3 Bd7 10.f4 Be7 11.Bd3 Rc8 12.Kb1 b5 13.h3 Qc7 14.g4 Nxd4 15.Bxd4 b4
16.Ne2 e5 17.Be3 a5 18.Ng3 exf4 19.Bxf4 g5 20.Be3 d5 21.Qf2 dxe4 22.Nxe4 Nxe4
23.Bxe4 Be6 24.Bf5 O-O 25.Bxe6 fxe6 26.Qg2 Qc6 27.Qxc6 Rxc6 28.Rhf1 Bc5 29.Bc1 Rxf1
30.Rxf1 Bd4 31.Rh1 Bf6 32.Rh2 Kf7 33.a3 bxa3 34.b3 Be5 35.Rf2+ Kg6 36.Bxa3 Bc3
37.Bb2 h5 38.Rf3 Bxb2 39.gxh5+ Kxh5 40.Kxb2 e5 41.Re3 Rc5 42.c4 Kg6 43.Kc3 Kf5
44.b4 axb4+ 45.Kxb4 Rc8 46.Rf3+ Ke4 47.Rf7 Rh8 48.Rg7 Kf5 49.c5 Kf6 50.Rd7 Rxh3
51.c6 Rh1 52.c7 Rc1 53.Kb5 Ke6 54.Rg7 Kd6 55.Kb6 e4 56.Rg6+ Kd7 57.Rg7+ Kd6  1/2-1/2

[Event "MSS-ch"]
[Site "CZE"]
[Date "1997.??.??"]
[Round "?"]
[White "Tomes, Pavel"]
[Black "Daricek, V."]
[Result "1-0"]
[WhiteElo "1920"]
[BlackElo "1845"]

1.e4 c5 2.Nf3 Nc6 3.d4 cxd4 4.Nxd4 Nf6 5.Nc3 d6 6.Bg5 e6 7.Qd2 Be7 8.O-O-O a6
9.f4 Qc7 10.Be2 Bd7 11.Nf3 b5 12.e5 dxe5 13.fxe5 Ng4 14.Bxe7 Nxe7 15.Ne4 Nf5
16.h3 Nge3 17.g4 Nxd1 18.gxf5 Nxb2 19.Nd6+ Kf8 20.f6 h6 21.fxg7+ Kxg7 22.Qf4 Bc6
23.Qf6+ Kh7 24.Kxb2  1-0

[Event "MSS-ch"]
[Site "CZE"]
[Date "1997.??.??"]
[Round "?"]
[White "Zedek, Frantisek"]
[Black "Eidelson, Rakhil"]
[Result "0-1"]
[WhiteElo "1915"]
[BlackElo "2280"]

1.e4 c5 2.Nf3 Nc6 3.d4 cxd4 4.Nxd4 Nf6 5.Nc3 d6 6.Bg5 e6 7.Qd2 a6 8.O-O-O h6
9.Bxf6 Qxf6 10.Nxc6 bxc6 11.f4 Qd8 12.Bc4 Be7 13.Kb1 Rb8 14.g4 Qb6 15.Bb3 O-O
16.h4 c5 17.Na4 Qb4 18.Qe2 Bd7 19.Nc3 Bb5 20.Nxb5 axb5 21.c3 Qa5 22.g5 c4
23.Bc2 b4 24.gxh6 bxc3 25.hxg7 Rxb2+ 26.Kc1 Rfb8 27.e5 Rb1+  0-1

[Event "Moravia-chT 9798"]
[Site "CZE"]
[Date "1997.??.??"]
[Round "2.1"]
[White "Piza, Vlastimil"]
[Black "Firt, Stanislav"]
[Result "1/2-1/2"]
[WhiteElo "2295"]
[BlackElo "2335"]

1.e4 c5 2.Nf3 d6 3.d4 cxd4 4.Nxd4 Nf6 5.Nc3 Nc6 6.Bg5 e6 7.Qd2 a6 8.O-O-O Bd7
9.f4 Be7 10.Nf3 b5 11.Bxf6 gxf6 12.f5 Qb6 13.Kb1 O-O-O 14.fxe6 fxe6 15.Ne2 Kb8
16.Nf4 Bc8 17.c4 b4 18.g3 Rhe8 19.Bh3 Bf8 20.Nh5 Qc5 21.Nxf6 Re7 22.Qe2 Ne5
23.Nxe5 Qxe5 24.Nh5 Bb7 25.Rhe1 Rc8 26.Rd2 Rec7 27.Rc2 a5 28.Nf4 Re8 29.Nd3 Qd4
30.e5 d5 31.cxd5 Rxc2 32.Qxc2 Rc8 33.Qd1 Bxd5 34.Nf4 Be4+ 35.Ka1 Qxd1+ 36.Rxd1 Bg7
37.Nxe6 Bxe5 38.Ng5 Bc2 39.Bxc8 Bxd1 40.Bf5 h5 41.Kb1 Bd4 42.Be4 Be3 43.Bf3 Bxg5
44.Bxd1 h4  1/2-1/2

[Event "Moravia-chT 9798"]
[Site "CZE"]
[Date "1997.??.??"]
[Round "2.1"]
[White "Kalod, Radek"]
[Black "Obsivac, Josef"]
[Result "1/2-1/2"]
[WhiteElo "2450"]
[BlackElo "2345"]

1.e4 c5 2.Nf3 Nc6 3.d4 cxd4 4.Nxd4 Nf6 5.Nc3 d6 6.Bg5 Bd7 7.Qd2 a6 8.O-O-O b5
9.f4 b4 10.Bxf6 bxc3 11.Qxc3 gxf6 12.Nxc6 Qc7 13.Nb4 Qxc3 14.bxc3 e6 15.Bxa6 d5
16.Bb7 Ra3 17.exd5 Rxc3 18.Nd3 Rc7 19.Bc6 Bxc6 20.dxc6 Rxc6 21.Kd2 Bd6 22.c4 Rxc4
23.Rc1 Rxc1 24.Rxc1 Ke7 25.Rc4 Ra8 26.a4 Kd7 27.g3 Ra5 28.Ke3 Ra6 29.Kd2 Ra5
30.Ke3 Ra8 31.Kd2 Ra5  1/2-1/2

[Event "CZE-chT 9697"]
[Site "CZE"]
[Date "1997.??.??"]
[Round "6"]
[White "Sleich, Jan"]
[Black "Firt, Stanislav"]
[Result "0-1"]
[WhiteElo "2210"]
[BlackElo "2345"]

1.e4 c5 2.Nf3 d6 3.d4 cxd4 4.Nxd4 Nf6 5.Nc3 Nc6 6.Bg5 e6 7.Qd2 a6 8.O-O-O Bd7
9.f4 b5 10.Bxf6 gxf6 11.Nxc6 Bxc6 12.Qe3 Qe7 13.Kb1 Qa7 14.Qe1 O-O-O 15.f5 Qc5
16.Bd3 Kb8 17.Rf1 Be7 18.g3 b4 19.Ne2 e5 20.c3 Qe3 21.c4 a5 22.Nc1 Qxe1 23.Rfxe1 Kc7
24.Nb3 Kb6 25.Bf1 h5 26.Bg2 Rdg8 27.Bf3 h4 28.g4 a4 29.Nc1 Rb8 30.Nd3 Ka5
31.Rc1 Rhc8 32.Red1 Bb7 33.Nf2 Bf8 34.b3 Ra8 35.Rd3 Ra6 36.Bd1 axb3 37.Bxb3 Rb6
38.Rcd1 Rc5 39.Kb2 Ka6 40.Ka1 Ka7 41.Kb2 Kb8 42.Rh3 Bh6 43.Nd3 Rc8 44.Nf2 Bg5
45.Rhd3 Rcc6 46.Nh3 Bh6 47.Nf2 Kc7 48.Ba4 Rxc4 49.Bb3 Rc3 50.Rxc3+ bxc3+
51.Kxc3 Be3 52.Nd3 Bxe4 53.Ne1 Bd4+ 54.Kd2 d5 55.Nc2 Bc5 56.Ne3 Kd6 57.Ke2 Bxe3
58.Kxe3 Bg2 59.Kf2 h3 60.Rc1 Rb4 61.Kg3 e4 62.Rd1 d4 63.Bxf7 e3 64.a3 Ra4
65.Bb3 Rxa3 66.Rxd4+ Ke5 67.Rb4 e2 68.Kf2 Bf3 69.Bc4 Bxg4 70.Bxe2 Bxf5 71.Bf3 Bd3
72.Rh4 Ra2+ 73.Kg3 Bf5 74.Rh5 Ra3 75.Kf2 Kf4 76.Rh4+ Kg5 77.Rh5+ Kg6 78.Rh8 Rc3
79.Rh4 Rc2+ 80.Kg3 Rb2 81.Ra4 Rb3 82.Kh4 Rb2 83.Kg3 Kg5 84.Ra3 Be6 85.Ra5+ f5
86.Kxh3 Kf4 87.Ra3  0-1

[Event "CZE-chT 9697"]
[Site "CZE"]
[Date "1997.??.??"]
[Round "8"]
[White "Kotek, Daniel"]
[Black "Babula, Vlastimil"]
[Result "0-1"]
[WhiteElo "2305"]
[BlackElo "2535"]

1.e4 c5 2.Nf3 Nc6 3.d4 cxd4 4.Nxd4 Nf6 5.Nc3 d6 6.Bg5 e6 7.Qd2 a6 8.O-O-O h6
9.Be3 Be7 10.f4 Nxd4 11.Bxd4 b5 12.Bd3 b4 13.Ne2 e5 14.Bg1 Qa5 15.Kb1 O-O
16.h3 Rd8 17.Qe3 Rb8 18.Bh2 Be6 19.b3 d5 20.f5 Bd7 21.Bxe5 dxe4 22.Bxb8 exd3
23.Rxd3 Rxb8 24.Rxd7 Bc5 25.Qd3 Nxd7 26.Qxd7 Rd8 27.Qc6 Be7 28.Ng3 Bh4 29.Qf3 Qe5
30.Ne4 Rd4 31.Nf2 Bf6 32.Kc1 Qa5  0-1

[Event "Providencia op"]
[Site "Debrecen"]
[Date "1997.??.??"]
[Round "9"]
[White "Kiss, Fernanda"]
[Black "Peredy, Ferenc"]
[Result "1/2-1/2"]
[WhiteElo "2270"]
[BlackElo "2430"]

1.e4 c5 2.Nf3 Nc6 3.d4 cxd4 4.Nxd4 Nf6 5.Nc3 d6 6.Bg5 e6 7.Qd2 a6 8.O-O-O h6
9.Bf4 Bd7 10.Nxc6 Bxc6 11.f3 d5 12.Qe1 Bb4 13.a3 Ba5 14.b4 Bb6 15.exd5 Bxd5
16.Be5 O-O 17.Qh4 Be3+ 18.Kb2 Bg5 19.Qd4 Bc6 20.Qxd8 Rfxd8 21.Bd3 Nd5 22.Nxd5 Rxd5
23.Bc3 Rad8 24.Rde1 Bb5 25.Bxb5 Rxb5 26.Re4 Rbd5 27.f4 Bf6  1/2-1/2

[Event "Decin op"]
[Site "Decin"]
[Date "1997.??.??"]
[Round "3"]
[White "Vodicka, Vladimir"]
[Black "Loktionova, Natalia"]
[Result "0-1"]
[WhiteElo "2330"]
[BlackElo "2195"]

1.e4 c5 2.Nf3 d6 3.d4 cxd4 4.Nxd4 Nf6 5.Nc3 Nc6 6.Bg5 e6 7.Qd2 Be7 8.O-O-O O-O
9.f3 a6 10.Kb1 Qc7 11.g4 Ne5 12.Bxf6 Bxf6 13.g5 Be7 14.f4 Nc4 15.Qd3 b5 16.Rg1 Bd7
17.Nf5 exf5 18.Nd5 Qd8 19.exf5 Re8 20.f6 Bf8 21.fxg7 Be7 22.g6 fxg6 23.Rxg6 Qc8
24.Bg2 hxg6 25.Qxg6 Bf5 26.Nf6+ Bxf6 27.Bd5+ Be6 28.Be4 Nd2+ 29.Rxd2 Bxa2+
30.Kc1 Rxe4 31.Qxe4 Bf7 32.Rxd6 Bxg7 33.f5 Qe8 34.Qg2 Rd8 35.f6  0-1

[Event "Decin op"]
[Site "Decin"]
[Date "1997.??.??"]
[Round "8"]
[White "Sleich, Jan"]
[Black "Chernikov, Oleg L"]
[Result "0-1"]
[WhiteElo "2225"]
[BlackElo "2385"]

1.e4 c5 2.Nf3 Nc6 3.d4 cxd4 4.Nxd4 Nf6 5.Nc3 d6 6.Bg5 g6 7.Bxf6 exf6 8.Bc4 Bg7
9.O-O O-O 10.Nde2 f5 11.exf5 Bxf5 12.Ng3 Bc8 13.Bb3 Rb8 14.f4 Nd4 15.Nd5 b5
16.c3 Nxb3 17.axb3 a5 18.f5 Re8 19.Qd3 Re5 20.Kh1 Bb7 21.Ne3 Qg5 22.Nc2 Rbe8
23.fxg6 hxg6 24.Nd4 Rc5 25.Nf3 Qd5 26.Qc2 b4 27.c4 Qc6 28.Qf2 Qc7 29.Rae1 Rxe1
30.Rxe1 Qc6 31.Rf1 Qd7 32.Rd1 Qc7 33.Qe2 Qd7 34.Qe3 Qc6 35.Qf4 Re5 36.Rd2 Re6
37.h3 Qc5 38.Nd4 Re1+ 39.Kh2 Qe5 40.Qf2 Re3 41.Ne2 Bh6 42.Rc2 Rxb3 43.Qb6 Be4  0-1

[Event "Neckar op 1st"]
[Site "Deizisau"]
[Date "1997.??.??"]
[Round "1"]
[White "Luther, Thomas"]
[Black "Fries, Artur"]
[Result "1-0"]
[WhiteElo "2520"]
[BlackElo "1895"]

1.e4 c5 2.Nf3 Nc6 3.d4 cxd4 4.Nxd4 Nf6 5.Nc3 d6 6.Bg5 e6 7.Qd2 Be7 8.O-O-O O-O
9.f4 Nxd4 10.Qxd4 Qa5 11.Qd2 h6 12.h4 Nxe4 13.Nxe4 Qxd2+ 14.Rxd2 hxg5 15.hxg5 f5
16.Nxd6 Rd8 17.Nc4 Rxd2 18.Kxd2 Bd7 19.Ne5 Rd8 20.Bd3 Bd6 21.Re1 Bc6 22.g3 Bd5
23.a3 Bc5 24.Re2 b5 25.Kc1 a6 26.c4 bxc4 27.Bxc4 Bxc4 28.Nxc4 Kf7 29.Ne5+ Ke8
30.Rh2 Be3+ 31.Kc2 Rd5 32.Nd3 Bd4 33.Rh8+ Kd7 34.Rg8 Ke7 35.b4 a5 36.Ra8 axb4
37.axb4 Rb5 38.Kb3 Rb7 39.Kc4 Bg1 40.Nc5 Rc7 41.Kb5 Kf7 42.Ra2 Bd4 43.Re2 Re7
44.Nd3 Rb7+ 45.Kc4 Bg1 46.Ne5+ Ke7 47.Nc6+ Kd6 48.Rxe6+ Kxe6 49.Nd8+ Kd7
50.Nxb7 Bf2 51.Kd5 Ke7 52.Nc5 Bxg3 53.Nd3 Bh2 54.Kc6 Bg1 55.b5 Be3 56.b6  1-0

[Event "Dhaka"]
[Site "Dhaka"]
[Date "1997.??.??"]
[Round "12"]
[White "Kaiumov, Dmitry D"]
[Black "Lovlu, Saifuddi"]
[Result "1-0"]
[WhiteElo "2450"]
[BlackElo "2280"]

1.e4 c5 2.Nf3 Nc6 3.d4 cxd4 4.Nxd4 Nf6 5.Nc3 d6 6.Bg5 e6 7.Qd2 a6 8.O-O-O Bd7
9.f4 b5 10.Bxf6 gxf6 11.Kb1 Qb6 12.Nxc6 Bxc6 13.Qe1 Be7 14.Bd3 b4 15.Ne2 d5
16.Ng3 dxe4 17.Bxe4 Rc8 18.f5 e5 19.Qe2 a5 20.Rhe1 a4 21.b3 Bc5 22.Bxc6+ Rxc6
23.Ne4 Bd4 24.g4 O-O 25.h4 Rfc8 26.Rc1 a3 27.c4 bxc3 28.Kc2 h6 29.Rcd1 Kg7
30.Rd3 Qa7 31.g5 fxg5 32.hxg5 hxg5 33.Qh5 Rh8 34.Qxg5+ Kf8 35.Qd8+  1-0

[Event "Dresden op"]
[Site "Dresden"]
[Date "1997.??.??"]
[Round "4"]
[White "Lau, Ralf"]
[Black "Bauer, Norbert"]
[Result "1/2-1/2"]
[WhiteElo "2495"]
[BlackElo "2200"]

1.e4 c5 2.Nf3 Nc6 3.d4 cxd4 4.Nxd4 Nf6 5.Nc3 d6 6.Bg5 e6 7.Qd2 a6 8.O-O-O Bd7
9.f4 b5 10.Bxf6 gxf6 11.Nxc6 Bxc6 12.Qe1 Be7 13.Bd3 Qa5 14.Kb1 b4 15.Ne2 Qb6
16.f5 e5 17.Ng3 h5 18.Qe2 a5 19.Nxh5 Kd7 20.Bc4 Rh7 21.g4 Qc5 22.Rd2 a4 23.Rhd1 Kc7
24.Bd5 a3 25.Bxc6 Qxc6 26.b3 Rhh8 27.Rd5 Rhb8 28.Qd3 Ra6 29.h3 Qc3 30.Qxc3+ bxc3
31.R1d3 Rc6 32.Ra5 Rb4 33.Ng3 Bf8 34.Ra7+ Kb6 35.Ra8 Bh6 36.Rb8+ Ka5 37.Rd5+ Rc5
38.Rxb4 Kxb4 39.Rxd6 Bf4 40.Ne2 Rc8 41.Nxf4 exf4 42.Kc1 f3 43.Rd4+ Kb5 44.Rd3 f2
45.Rf3 Rh8 46.Rxf2 Rxh3 47.Rf1 Re3 48.Kd1 Rxe4 49.Rf3  1/2-1/2

[Event "Dresden (Women)"]
[Site "Dresden"]
[Date "1997.??.??"]
[Round "6"]
[White "Ankerst, Milka"]
[Black "Gara, Anita"]
[Result "0-1"]
[WhiteElo "2170"]
[BlackElo "2265"]

1.e4 c5 2.Nf3 d6 3.d4 cxd4 4.Nxd4 Nf6 5.Nc3 Nc6 6.Bg5 e6 7.Qd2 a6 8.O-O-O h6
9.Bh4 Nxe4 10.Nxe4 Qxh4 11.f4 d5 12.Nf3 Qd8 13.Qe3 Qa5 14.Nc3 Bc5 15.Qe2 O-O
16.Kb1 b5 17.Rd3 b4 18.Nd1 Qc7 19.g3 a5 20.Rd2 a4 21.Bh3 b3 22.Nc3 Ba6 23.Qe1 bxc2+
24.Ka1 d4 25.Ne2 d3 26.Nc3 Na5  0-1

[Event "Dresden (Women)"]
[Site "Dresden"]
[Date "1997.??.??"]
[Round "9"]
[White "Paehtz, Elisabeth"]
[Black "Gara, Anita"]
[Result "0-1"]
[WhiteElo "2175"]
[BlackElo "2265"]

1.e4 c5 2.Nf3 d6 3.d4 cxd4 4.Nxd4 Nf6 5.Nc3 Nc6 6.Bg5 e6 7.Qd2 a6 8.O-O-O h6
9.Be3 Be7 10.f4 Bd7 11.Nf3 Qc7 12.Bd3 b5 13.a3 Rb8 14.h3 b4 15.axb4 Rxb4
16.Qf2 O-O 17.b3 Na5 18.Kd2 Rc8 19.Bd4 Nc6 20.Be3 d5 21.e5 Ne4+ 22.Bxe4 dxe4
23.Nd4 Nxe5 24.Na2 Rxd4+ 25.Bxd4 Qxc2+ 26.Ke3 Qxb3+ 27.Kxe4 Bc6+  0-1

[Event "ROM-chT"]
[Site "Eforie Nord"]
[Date "1997.??.??"]
[Round "?"]
[White "Moldovan, Daniel"]
[Black "Raceanu, Valentin"]
[Result "1/2-1/2"]
[WhiteElo "2445"]
[BlackElo "2165"]

1.e4 c5 2.Nf3 Nc6 3.d4 cxd4 4.Nxd4 Nf6 5.Nc3 d6 6.Bg5 e6 7.Qd2 Be7 8.O-O-O O-O
9.Nb3 Qb6 10.f3 Rd8 11.Be3 Qc7 12.Qf2 d5 13.exd5 Nxd5 14.Nxd5 Rxd5 15.Rxd5 exd5
16.Bb5 Na5 17.Bd3 Nxb3+ 18.axb3 a5 19.Qg3 Bd6 20.Qh4 h6 21.Re1 Be6 22.g3 Be7
23.Qf4 Qc6 24.Qa4 Bf6 25.Bb5 Qc7 26.Bd4 Bf5 27.Re2 Bg5+ 28.f4 Be7 29.Bc3 Be4
30.Qd4 Bf6 31.Qe3 Bxc3 32.bxc3 Rc8 33.Kb2 b6 34.Re1 Qc5 35.Qxc5 Rxc5 36.Bf1 f5
37.Rd1 Kf8 38.Rd2 Ke7 39.c4  1/2-1/2

[Event "RUS-ch m1-2"]
[Site "Elista"]
[Date "1997.??.??"]
[Round "1.2"]
[White "Shovunov, Baatr"]
[Black "Sherbakov, Ruslan"]
[Result "1/2-1/2"]
[WhiteElo "2340"]
[BlackElo "2580"]

1.e4 c5 2.Nf3 Nc6 3.d4 cxd4 4.Nxd4 Nf6 5.Nc3 d6 6.Bg5 e6 7.Qd2 a6 8.O-O-O Bd7
9.f3 Qc7 10.h4 Be7 11.h5 h6 12.Be3 b5 13.Bd3 Nxd4 14.Bxd4 b4 15.Ne2 a5 16.Kb1 e5
17.Bf2 O-O 18.Be3 Rfd8 19.g4 Nh7 20.Rhg1 Ng5 21.Rdf1 Qc6 22.f4 Nxe4 23.Bxe4 Qxe4
24.g5 hxg5 25.fxg5 a4 26.g6 f6 27.Ng3 Qc4 28.b3 axb3 29.cxb3 Qg4 30.Kb2 d5
31.h6  1/2-1/2

[Event "RUS-ch m3-4"]
[Site "Elista"]
[Date "1997.??.??"]
[Round "1.4"]
[White "Shovunov, Baatr"]
[Black "Sherbakov, Ruslan"]
[Result "0-1"]
[WhiteElo "2340"]
[BlackElo "2580"]

1.e4 c5 2.Nf3 Nc6 3.d4 cxd4 4.Nxd4 Nf6 5.Nc3 d6 6.Bg5 a6 7.Qd2 Qb6 8.Nb3 e6
9.Bxf6 gxf6 10.O-O-O Qc7 11.Be2 h5 12.Kb1 h4 13.Qf4 Be7 14.g3 Ne5 15.Qc1 b5
16.f4 Nc4 17.Nd4 Nb6 18.Bf3 Bb7 19.f5 e5 20.Nb3 b4 21.Nd5 Bxd5 22.exd5 a5
23.Qe3 a4 24.Nd2 Rc8 25.Qd3 a3 26.b3 Qc3 27.Qxc3 Rxc3 28.Be2 hxg3 29.Ne4 g2
30.Rhg1 Re3 31.Bb5+ Kd8 32.Nf2 Rg8 33.Bc6 Rf3 34.Nd3 Rxf5 35.Nxb4 Rh5 36.Bb5 Bf8
37.Bd3 f5 38.c4 e4 39.Bc2 Rxh2 40.Nc6+ Kc7 41.Nd4 Rh5 42.Nb5+ Kd7 43.Nxa3 Bh6
44.Nb5 Be3 45.Nc3 Bxg1 46.Rxg1 Rh1 47.Ne2 Rxg1+ 48.Nxg1 Rh8 49.Kb2 Rh1 50.Ne2 g1=N
51.Nxg1 Rxg1 52.a4 Kc7 53.a5 Nd7 54.b4 e3  0-1

[Event "RUS-ch m1-2"]
[Site "Elista"]
[Date "1997.??.??"]
[Round "3.2"]
[White "Svidler, Peter"]
[Black "Sherbakov, Ruslan"]
[Result "1-0"]
[WhiteElo "2640"]
[BlackElo "2580"]

1.e4 c5 2.Nf3 Nc6 3.d4 cxd4 4.Nxd4 Nf6 5.Nc3 d6 6.Bg5 e6 7.Qd2 a6 8.O-O-O Bd7
9.f3 Qc7 10.Kb1 Be7 11.h4 h6 12.Be3 h5 13.Nxc6 bxc6 14.Bg5 Rb8 15.Bc4 a5
16.Rhe1 e5 17.Rg1 Rb4 18.Bb3 Be6 19.Ne2 Qb7 20.Qc3 d5 21.exd5 cxd5 22.Qxe5 a4
23.c3 Rxb3 24.axb3 axb3 25.Nd4 Qa7 26.Nxe6 fxe6 27.Qxe6 Qa2+ 28.Kc1 Qa1+
29.Kd2 Qxb2+ 30.Ke3 Qxc3+ 31.Kf2 Rf8 32.Rge1 Ng4+ 33.Kg1 Qc5+ 34.Kh1 Nf2+
35.Kh2 Rf7 36.Bxe7  1-0

[Event "Momotov mem"]
[Site "Enakievo"]
[Date "1997.??.??"]
[Round "?"]
[White "Iordachescu, Viorel"]
[Black "Kiselev, Sergey"]
[Result "1-0"]
[WhiteElo "2485"]
[BlackElo "2485"]

1.e4 c5 2.Nf3 Nc6 3.d4 cxd4 4.Nxd4 Nf6 5.Nc3 d6 6.Bg5 e6 7.Qd2 a6 8.O-O-O h6
9.Be3 Be7 10.f3 Nxd4 11.Qxd4 b5 12.Kb1 Qa5 13.e5 dxe5 14.Qxe5 O-O 15.h4 Bb7
16.Bd3 Rac8 17.Bd4 Qc7 18.Qe2 Rfd8 19.Be5 Qa5 20.Ne4 Nd5 21.c3 b4 22.c4 b3
23.a3 Nb6 24.Bc3 Qa4 25.Nd2 Rd7 26.Rh3 Rcd8 27.f4 Bf8 28.Rg3 Qc6 29.f5 exf5
30.Qe5 f6 31.Qxf5 Rxd3 32.Rxd3 Bc8 33.Qf1 Rxd3 34.Qxd3 Qxg2 35.Qd4 Qc6 36.Rg1 Kf7
37.Qd3 Kg8 38.Bd4 Nd7 39.Qxb3 Nc5 40.Qf3 Qxf3 41.Nxf3 Bf5+ 42.Ka2 Be6 43.b3 a5
44.Re1 Kf7 45.Nd2 Nd3 46.Re3 Nf4 47.Rf3 g5 48.Ne4 Be7 49.hxg5 hxg5 50.Be3 Bf5
51.Nc3 Bd6 52.Bxf4 Bxf4 53.Nd5 Be4 54.Rxf4 gxf4 55.Nxf4 f5 56.Kb2 Kf6 57.Kc3 Kg5
58.Ne6+ Kg4 59.Kd4 Bg2 60.Ke5 Bf1 61.c5 Ba6 62.b4 axb4 63.axb4 Kf3 64.b5 Bxb5
65.Nd4+ Ke3 66.Nxb5  1-0

[Event "Momotov mem"]
[Site "Enakievo"]
[Date "1997.??.??"]
[Round "?"]
[White "Iordachescu, Viorel"]
[Black "Baklan, Vladimir"]
[Result "1/2-1/2"]
[WhiteElo "2485"]
[BlackElo "2530"]

1.e4 c5 2.Nf3 Nc6 3.d4 cxd4 4.Nxd4 Nf6 5.Nc3 d6 6.Bg5 e6 7.Qd2 a6 8.O-O-O h6
9.Be3 Be7 10.f3 Nxd4 11.Qxd4 b5 12.e5 dxe5 13.Qxe5 Qa5 14.Bc4 O-O 15.Bb3 Bb7
16.Bxe6 Rfe8 17.Bb3 Bf8 18.Qd4 b4 19.Na4 Rac8 20.Rhe1 Qf5 21.Qd3 Qxd3 22.Rxd3 Bc6
23.Rdd1 Rb8 24.Ba7 Rxe1 25.Rxe1 Rd8 26.Bb6 Rb8 27.Bf2 Nd7 28.Bd4 Bd6 29.h3 Kf8
30.c3 a5 31.Kc2 h5 32.Rd1 Be7 33.Bf2 Rb5 34.h4 Rb8 35.Bg3 Rc8 36.Bd6 Bxd6
37.Rxd6 Ke7 38.Rd4 f6 39.Kd2 Rb8 40.Rc4 Kd6 41.Bc2 g5 42.Rd4+ Ke7 43.cxb4 Rxb4
44.Rxb4 axb4 45.hxg5 fxg5 46.Ke3 h4 47.Kf2 Kd6 48.a3 bxa3 49.bxa3 Ne5 50.Nc3 g4
51.Ne4+ Ke7 52.fxg4 Nxg4+ 53.Kf3 Nf6 54.Bd3 Ke6 55.Kf4 Nd5+ 56.Kg5 Ne3  1/2-1/2

[Event "Momotov mem"]
[Site "Enakievo"]
[Date "1997.??.??"]
[Round "?"]
[White "Baklan, Vladimir"]
[Black "Kiselev, Sergey"]
[Result "1/2-1/2"]
[WhiteElo "2530"]
[BlackElo "2485"]

1.e4 c5 2.Nf3 Nc6 3.d4 cxd4 4.Nxd4 Nf6 5.Nc3 d6 6.Bg5 e6 7.Qd2 a6 8.O-O-O h6
9.Be3 Be7 10.f4 Nxd4 11.Bxd4 b5 12.Qe3 Qc7 13.e5 dxe5 14.fxe5 Nd7 15.Ne4 Bb7
16.Nd6+ Qxd6 17.exd6 Bg5 18.Qxg5 hxg5 19.Bxg7 Rh4 20.Bc3 f6 21.Be1 Rh6 22.h4 Kf7
23.Rh3 Rc8 24.hxg5 Rxh3 25.gxh3 Be4 26.Bc3 b4 27.Rd4 bxc3 28.Rxe4 cxb2+ 29.Kxb2 fxg5
30.Bc4 Nc5 31.Rd4 Rb8+ 32.Kc3 Ke8 33.d7+ Kd8 34.Bb3 a5 35.a3 Rb7 36.Kc4 Rc7
37.Kb5 Nxb3 38.cxb3 Rc3 39.b4 axb4 40.axb4 Rxh3 41.Kc5 g4 42.b5 g3 43.Kc6 g2
44.Rg4 Rc3+ 45.Kd6 Rd3+ 46.Kc6 Rc3+ 47.Kd6 Rd3+ 48.Kxe6 Rd6+  1/2-1/2

[Event "Momotov mem"]
[Site "Enakievo"]
[Date "1997.??.??"]
[Round "?"]
[White "Timoshenko, Georgy"]
[Black "Kiselev, Sergey"]
[Result "1/2-1/2"]
[WhiteElo "2510"]
[BlackElo "2485"]

1.e4 c5 2.Nf3 Nc6 3.d4 cxd4 4.Nxd4 Nf6 5.Nc3 d6 6.Bg5 e6 7.Qd2 a6 8.O-O-O h6
9.Be3 Be7 10.f4 Bd7 11.Kb1 b5 12.Bd3 Qc7 13.Bxb5 axb5 14.Ndxb5 Qb8 15.Nxd6+ Bxd6
16.Qxd6 Qxd6 17.Rxd6 Na5 18.b3 Bc6 19.Rd4 O-O 20.a4 Rfc8 21.Bc1 Rab8 22.Rhd1 Kh7
23.Bb2 Ba8 24.g3 Bc6 25.R1d2  1/2-1/2

[Event "Momotov mem"]
[Site "Enakievo"]
[Date "1997.??.??"]
[Round "?"]
[White "Iordachescu, Viorel"]
[Black "Bagaturov, Giorgi"]
[Result "0-1"]
[WhiteElo "2485"]
[BlackElo "2475"]

1.e4 c5 2.Nf3 Nc6 3.d4 cxd4 4.Nxd4 Nf6 5.Nc3 d6 6.Bg5 e6 7.Qd2 a6 8.O-O-O h6
9.Be3 Bd7 10.f3 b5 11.Kb1 Ne5 12.Bd3 Nxd3 13.cxd3 b4 14.Nce2 e5 15.Nb3 a5
16.d4 Be7 17.g4 Ba4 18.Ng3 h5 19.Nf5 g6 20.Nxe7 Qxe7 21.dxe5 dxe5 22.Bc5 Qe6
23.Qe3 Ra6 24.gxh5 Rxh5 25.Rd2 Nd7 26.Rhd1 f6 27.Qe2 Bxb3 28.axb3 Nxc5 29.Qb5+ Qc6
30.Qb8+ Kf7 31.Rd8 Rxh2 32.Rf8+ Kg7 33.Rg8+ Kf7 34.Qf8+ Ke6 35.Rg7 Nxe4 36.Re7+ Kf5
37.fxe4+ Qxe4+ 38.Ka1 Rc6 39.Rf7 Qe2 40.Rb1 a4 41.bxa4 b3 42.Qa3 Qd3 43.Re1  0-1

[Event "Espoo op2"]
[Site "Espoo"]
[Date "1997.??.??"]
[Round "3"]
[White "Kokkila, Tero"]
[Black "Veingold, Aleksandr"]
[Result "1-0"]
[WhiteElo "2285"]
[BlackElo "2460"]

1.e4 c5 2.Nf3 d6 3.d4 cxd4 4.Nxd4 Nf6 5.Nc3 Nc6 6.Bg5 e6 7.Qd2 a6 8.O-O-O h6
9.Be3 Bd7 10.f4 b5 11.Bd3 b4 12.Nce2 Qb8 13.Rhe1 Qb7 14.Bg1 Rc8 15.Kb1 Be7
16.Ng3 h5 17.Qe2 Ra8 18.e5 dxe5 19.fxe5 Nd5 20.Nb3 Nf4 21.Qf3 Nxd3 22.Rxd3 Nd8
23.Ne4 Bc6 24.Nbc5 Qb8 25.Qg3 Kf8 26.Red1 Nb7 27.Nd7+ Bxd7 28.Rxd7 Qc8 29.Qf4 Ke8
30.R7d4 Qc6 31.Nd6+ Bxd6 32.exd6 Rd8 33.Rc4 Rxd6 34.Rxd6 Qxd6 35.Rc8+  1-0

[Event "Essen op"]
[Site "Essen"]
[Date "1997.??.??"]
[Round "5"]
[White "Meijers, Viesturs"]
[Black "Kistella, Roman"]
[Result "1-0"]
[WhiteElo "2455"]
[BlackElo "2275"]

1.e4 c5 2.Nf3 d6 3.d4 cxd4 4.Nxd4 Nf6 5.Nc3 Nc6 6.Bg5 e6 7.Qd2 a6 8.Be2 h6
9.Be3 Be7 10.O-O O-O 11.f4 Bd7 12.Nb3 b5 13.a3 Qc7 14.Kh1 b4 15.axb4 Nxb4
16.f5 exf5 17.exf5 a5 18.Nd4 Nbd5 19.Nxd5 Nxd5 20.Bxh6 Bf6 21.Bg5 Qb6 22.Bxf6 Nxf6
23.Bf3 Ra7 24.b3 Re8 25.Qd3 Re5 26.c4 Be8 27.h3 Rae7 28.Rfd1 Bd7 29.Qd2 Re8
30.Qf4 Qc5 31.Qg3 Re3 32.Qf4 R3e5 33.Kh2 Bxf5 34.Nxf5 Rxf5 35.Qxd6 Qf2 36.Rd2 Qh4
37.Rd4 Qf2 38.Rd2 Qh4 39.Rad1 Rfe5 40.Rd4 Qg5 41.Qb6 Re3 42.Rd8 Qf4+ 43.Kg1 Rxd8
44.Qxd8+ Kh7 45.Qd2 Qe5 46.Qd4 Qe7 47.Rd3 Re5 48.Qd6 Qa7+ 49.Kh2 Re1 50.c5 Rc1
51.Rd4 Ne8 52.Qd8 Qxc5 53.Rh4+ Kg6 54.Be4+ f5 55.Qxe8+ Kf6 56.Qd8+ Ke5 57.Qd2 g5
58.Rh8 Qc7 59.g3 fxe4 60.Qxg5+ Kd4  1-0

[Event "Feldbach op"]
[Site "Feldbach"]
[Date "1997.??.??"]
[Round "3"]
[White "Demuth, Markus"]
[Black "Pavasovic, Dusko"]
[Result "0-1"]
[WhiteElo "2240"]
[BlackElo "2495"]

1.e4 c5 2.Nf3 d6 3.d4 cxd4 4.Nxd4 Nf6 5.Nc3 Nc6 6.Bg5 e6 7.Qd2 Be7 8.O-O-O a6
9.f4 Nxd4 10.Qxd4 b5 11.Bxf6 gxf6 12.e5 d5 13.Bd3 Qc7 14.Nxd5 exd5 15.exf6 Bd6
16.Rhe1+ Kf8 17.Qxd5 Bb7 18.Qh5 h6 19.g3 Qd8 20.Qh4 Rc8 21.Kb1 Bf3 22.Rd2 Bb4
23.c3 Bc5 24.g4 b4 25.c4 b3 26.a3 Qa5 27.Kc1 Bxa3 28.bxa3 Qc3+ 29.Kb1 Qxd2
30.Bf5 Qa2+ 31.Kc1 Rxc4+  0-1

[Event "Fencible Masters"]
[Site "Fencible"]
[Date "1997.??.??"]
[Round "6"]
[White "Solomon, Stephen J"]
[Black "Smith, Robert W"]
[Result "1-0"]
[WhiteElo "2395"]
[BlackElo "2300"]

1.e4 c5 2.Nf3 d6 3.d4 cxd4 4.Nxd4 Nf6 5.Nc3 Nc6 6.Bg5 e6 7.Qd2 a6 8.O-O-O h6
9.Bf4 Bd7 10.Nxc6 Bxc6 11.Qe1 Qc7 12.Nd5 Bxd5 13.exd5 Rc8 14.c4 e5 15.Kb1 Be7
16.Be3 O-O 17.f3 Rfe8 18.Bd3 e4 19.fxe4 Ng4 20.Bd4 Bf6 21.Bxf6 Nxf6 22.Rc1 Qc5
23.b4 Qd4 24.Qc3 Qxc3 25.Rxc3 Nxe4 26.Rc2 Nf6 27.Kb2 Re3 28.Rd1 Kf8 29.Re2 Rxe2+
30.Bxe2 Re8 31.Bd3 Re5 32.Kc3 Ke7 33.a4 Kd7 34.a5 Kc7 35.Rf1 Re7 36.Kd4 Re5
37.h4 Re7 38.Rf3 Nd7 39.Bf5 Ne5 40.Rc3 g6 41.Bh3 h5 42.g3 f5 43.Re3 Kd8 44.c5 Nf7
45.Re6 dxc5+ 46.bxc5 Ke8 47.Rxg6 Re4+ 48.Kc3 Re3+ 49.Kd2 Re5 50.Re6+ Rxe6
51.dxe6 Nd8 52.Bxf5 Nc6 53.Be4 Nxa5 54.Kc3 Ke7 55.Kb4 Nc6+ 56.Bxc6 bxc6 57.Ka5 Kxe6
58.Kxa6 Kf5 59.Kb6 Kg4 60.Kxc6 Kxg3 61.Kd5 Kxh4 62.c6 Kg3 63.c7 h4 64.c8=Q h3
65.Ke4 h2 66.Qc3+ Kg2 67.Qd2+ Kg3 68.Qe1+ Kg2 69.Qe2+ Kg1 70.Ke3 h1=N 71.Kf3  1-0

[Event "FIN-chT 9697"]
[Site "FIN"]
[Date "1997.??.??"]
[Round "7.4"]
[White "Kokkila, Tero"]
[Black "Lehto, Ville"]
[Result "0-1"]
[WhiteElo "2210"]
[BlackElo "2295"]

1.e4 c5 2.Nf3 d6 3.d4 cxd4 4.Nxd4 Nf6 5.Nc3 Nc6 6.Bg5 e6 7.Qd2 a6 8.O-O-O h6
9.Be3 Bd7 10.f4 b5 11.Bd3 Nxd4 12.Bxd4 b4 13.Ne2 e5 14.Be3 Qb8 15.h3 Qb7
16.Rhe1 Be7 17.g4 a5 18.Ng3 b3 19.cxb3 a4 20.b4 Be6 21.Kb1 exf4 22.Bxf4 d5
23.a3 dxe4 24.Nxe4 Rd8 25.Be5 Nxe4 26.Bxe4 Qb5 27.Qc3 Rc8 28.Qd3 Bc4 29.Qd4 O-O
30.Bxg7 Rfd8 31.Qe5 Bh4 32.Rh1 Re8 33.Qxb5 Bxb5 34.Bf5 Kxg7 35.Bxc8 Rxc8
36.Rd6 Bc4 37.Rhd1 Bb3 38.Rf1 Bg3 39.Rd2 Be5 40.b5 Rb8 41.Rf5 Rxb5 42.Re2 Rd5
43.Re1 f6 44.Kc1 Rc5+ 45.Kd2 Rc2+ 46.Kd3 Rh2 47.Rexe5 fxe5 48.Rxe5 Rxh3+
49.Ke4 Rh2 50.Ra5 Rxb2 51.Kf4 Rf2+ 52.Kg3 Ra2 53.Ra7+ Kf6 54.Ra6+ Ke5 55.Rxh6 Rxa3
56.Rh8 Bd5+ 57.Kf2 Kf4 58.Ke2 Rg3 59.Kd2 a3 60.Rf8+  0-1